| 000 | 01307nam a22003497a 4500 | ||
|---|---|---|---|
| 003 | CHAP | ||
| 005 | 20220329135817.0 | ||
| 008 | 971013s1970 r 00010 d | ||
| 010 | _a42592 | ||
| 011 | _a43564 | ||
| 035 | _a47700 | ||
| 040 | _cCHAP | ||
| 082 |
_a636.0896 _bM48 |
||
| 110 |
_aMéxico. Dirección General de Sanidad Animal _977044 |
||
| 245 |
_aRed nacional de laboratorios de diagnóstico de patología animal _b: proyecto |
||
| 260 |
_a(s.l.) : _bLa Dirección, _c1970 |
||
| 300 | _av | ||
| 500 | _aLa biblioteca tiene: v.2 Laboratorio regional de Balancán, Tab.- v.3 laboratorio regional de Acayucán, Ver. | ||
| 590 |
_aBATCH-UPD _b10 _c20130110 _lUCH01 _h0309 |
||
| 590 |
_aBATCH-UPD _b10 _c20130110 _lUCH01 _h1414 |
||
| 590 |
_aBATCH-UPD _b10 _c20130409 _lUCH01 _h2340 |
||
| 590 |
_aBATCH-UPD _b10 _c20130410 _lUCH01 _h1622 |
||
| 590 |
_aBATCH-UPD _b10 _c20130914 _lUCH01 _h1904 |
||
| 590 |
_aCONVERSION _b10 _c20130109 _lUCH01 _h1323 |
||
| 650 | 1 | 4 |
_aPatología veterinaria. _986194 |
| 650 | 1 | 4 |
_aVeterinaria _xDiagnóstico. _9118992 |
| 650 | 1 | 4 |
_aVeterinaria _xLaboratorios. _9119000 |
| 901 | _aBK | ||
| 942 | _cLIBRO | ||
| 949 |
_a636.0896 M48 _bBC _cLIBRO _d33724000093431 _eLIBRO _fv.2 _h43140 _i47700 _mD _si |
||
| 949 |
_a636.0896 M48 _bBC _cLIBRO _d33724000093449 _eLIBRO _fv.3 _h43141 _i47700 _si |
||
| 999 |
_c42592 _d42592 |
||